00452 2200181 4500001002100000005001500021035002000036008004100056245005300097100001800150250000600168260003700174300001100211084001400222082000800236650001400244990001200258INLIS00000000000004220240502103203 a0010-0424000018240502 0 ind 1 aResep Pudding & Es Krim Pilihan /cRN. Superchef aRN. Superchef a1 aYogyakarta :bCitra Media,c2011 a50 hlm a600 SUP r a600 4aNon Fiksi a0737339